00586nam a22002057a 450000500170000000800410001704100080005808200200006610000340008624500970012026000280021730000180024565000230026365000220028665000210030865000120032965000180034165000100035965000110036920161011115555.0150316b xxu||||| |||| 00| 0 spa d aspa a150.193.2 C386m aCázarez González, Yolanda aManejo efectivo de un grupo: el desarrollo de los grupos hacia la madurez y la productividad aMéxicobTrillasc2011 a173 páginas aDINAMICA DE GRUPOS aTRABAJO EN EQUIPO aMANEJO DE GRUPOS aMADUREZ aPRODUCTIVIDAD aGRUPO aEQUIPO